000 01247cam a2200265 4500
001 ABS64183
008 000000n2001 000 0 eng u
035 _a(Sirsi) u113379
100 _aCodd, M.
245 _aDraw attention to rights
260 _c2001
490 _aEstates Gazette
_v(0125) 23 June 2001, 150-151(2)
520 _aWarns that developers must take care to avoid infringing third party rights which may be created by express grant, under the Law of Property Act 1925 s62, or by prescription, although in the latter case the Prescription Act 1832 s2 requires 20 years' uninterrupted use. Any easement or informal quasi-easement enjoyed by a third party, including the right to light, is a right which should not be interfered with by any development. Considers what constitutes both interference and actionable interference and what steps a developer can take to avoid litigation. Case law.
590 _aABS
650 _aACTIONABLE INTERFERENCE
650 _aEASEMENTS
650 _aEXPRESS GRANT
650 _aINTERFERENCE
650 _aLAW OF PROPERTY ACT 1925 S62
650 _aPRESCRIPTION ACT 1832 S2
650 _aPRESCRIPTIVE RIGHTS
650 _aTHIRD PARTY RIGHTS
690 _aPROPERTY
942 _n0
999 _c67546
_d67546